Rukoväť účtovníctva a kalkulácií v schémach a príkladoch

Uložené v:
Podrobná bibliografia
Hlavný autor: Králiček, Vladimír
Korporativný autor: Vysoká škola ekonomická v Bratislave. Národohospodárska fakulta
Médium: Kniha
Jazyk:Slovak
Vydavateľské údaje: Bratislava Edičné stredisko Vysokej školy ekonomickej 1971
Predmet:
Tagy: Pridať tag
Žiadne tagy, Buďte prvý, kto otaguje tento záznam!

MARC

LEADER 00000nam$a2200000$$$4500
001 0042606
005 20240109105355.2
041 0 |a slo 
044 |a SK 
245 1 0 |a Rukoväť účtovníctva a kalkulácií  |b v schémach a príkladoch  |c Vladimír Králiček 
264 1 |a Bratislava  |b Edičné stredisko Vysokej školy ekonomickej  |c 1971 
300 |a 379 s. 
610 2 0 |a účtovníctvo 
610 2 0 |a kalkulácia 
100 1 |a Králiček, Vladimír 
710 2 |a Vysoká škola ekonomická v Bratislave. Národohospodárska fakulta